| 000 | 00543nam a22001817a 4500 | ||
|---|---|---|---|
| 005 | 20240920161032.0 | ||
| 008 | 240920b |||||||| |||| 00| 0 eng d | ||
| 020 | _a978-93-5480-132-7 | ||
| 041 | _aeng | ||
| 082 | _a611 | ||
| 100 |
_aKUMAR. AVNESH & KUMAR, PAVAN AND GUPTA, DR. NEERAJ AND ANSARI, SALAUDDIN _98568 |
||
| 245 | _aHUMAN ANATOMY AND PHYSIOLOGY [ D.PHARMA. 1ST YEAR ] | ||
| 250 | _a1ST RE-PRINT ED. 2024 | ||
| 260 |
_aLUCKNOW _bTHAKU PUBLICATION PVT.LTD |
||
| 300 | _a280;P | ||
| 650 |
_aPHARMACY _xD.PHARMA |
||
| 942 | _cBK | ||
| 999 |
_c8697 _d8695 |
||